Sports Quiz

Random Sports Quiz
Score 0/25 Timer 10:00
0 Plays Today
Yards Player % Correct
69,691 YardsPeyton Manning
99%
39,755 YardsEli Manning
99%
71,838 YardsBrett Favre
97%
61,361 YardsDan Marino
96.4%
53,258 YardsTom Brady
96.4%
51,475 YardsJohn Elway
94.9%
56,033 YardsDrew Brees
94.4%
40,551 YardsJoe Montana
91.9%
39,057 YardsBen Roethlisberger
91.9%
36,655 YardsPhillip Rivers
90.4%
35,467 YardsJim Kelly
89.3%
49,325 YardsWarren Moon
88.3%
47,003 YardsFran Tarkenton
84.8%
Yards Player % Correct
44,611 YardsDrew Bledsoe
83.8%
35,365 YardsCarson Palmer
83.2%
43,040 YardsDan Fouts
82.7%
37,276 YardsDonovan McNabb
79.7%
46,233 YardsVinny Testaverde
78.7%
34,948 YardsMatt Hasselbeck
74.1%
40,922 YardsKerry Collins
73.1%
37,920 YardsBoomer Esiason
72.1%
40,239 YardsJohnny Unitas
62.9%
38,147 YardsDave Krieg
48.7%
34,837 YardsJim Everett
45.7%
34,665 YardsJim Hart
34%
Come Together.
Have Fun.
All Virtual.
We all need to come together. Play Sporcle's virtual live trivia to have fun, connect with people, and get your trivia on. Join a live hosted trivia game for your favorite pub trivia experience done virtually. If a virtual private party is more your thing, go here for details.

You're not logged in!

Compare scores with friends on all Sporcle quizzes.
OR
Log In

Sporcle TV

Today on Sporcle TV


Watch our educational content, quiz creation guides, and fun videos on Sporcle TV.

Show Comments

Extras

Top Quizzes Today


Score Distribution

Paid Content

Your Account Isn't Verified!

In order to create a playlist on Sporcle, you need to verify the email address you used during registration. Go to your Sporcle Settings to finish the process.

Report this User

Report this user for behavior that violates our Community Guidelines.

Details: